| 000 -Record Label |
| fixed length control field |
00890nam a2200277 4500 |
| 003 - Persistent Record Identifier |
| control field |
http://id.bnportugal.gov.pt/bib/porbase/2573809 |
| 010 ## - International Standard Book Number (ISBN) |
| Number (ISBN) |
9789729049859 |
| 021 ## - Legal Deposit Number |
| Country Code |
PT |
| Number |
355562/13 |
| 035 ## - Other System Control Numbers |
| System Control Number |
(bn)1849572 |
| 100 ## - General Processing Data |
| General Processing Data |
20130916d2013 m y0pory5003 ba |
| 105 ## - Coded Data Field: Textual Material, Monographic |
| Monograph Coded Data |
y z 000yy |
| 106 ## - Coded Data Field: Textual Material - Physical Attributes |
| Textual Material Coded Data Physical Medium Designator |
r |
| 200 1# - Title and Statement of Responsibility |
| Title Proper |
Quem é tu, Senhor |
| Other Title Information |
respostas das Sagradas Escrituras |
| First Statement of Responsibility |
Alfredo Ribeiro Neres |
| Subsequent Statement of Responsibility |
pref. Valentin Ntumba Kapambu |
| -- |
rev. Kayré |
| 205 ## - Edition Statement |
| Edition Statement |
1 ed |
| 210 #9 - Publication, Distribution, etc. |
| Place of Publication, Distribution, etc. |
Lisboa |
| Name of Publisher, Distributor, etc. |
Além-Mar, |
| Date of Publication, Distribution, etc. |
2012 |
| 215 ## - Physical Description |
| Specific Material Designation and Extent of Item |
167 p. |
| Dimensions |
19 cm |
| 600 ## - Personal Name Used as Subject |
| Entry Element |
Alfredo Ribeiro Neres |
| 601 ## - Corporate Body Name Used as Subject |
| Entry Element |
2012 |
| 675 ## - Universal Decimal Classification (UDC) |
| Number |
272-312 |
| Edition |
BN |
| Language of Edition |
por |
| 675 ## - Universal Decimal Classification (UDC) |
| Number |
272-247 |
| Edition |
BN |
| Language of Edition |
por |
| 700 #1 - Personal Name - Primary Responsibility |
| Entry Element |
Neres, |
| Part of Name Other than Entry Element |
Alfredo Ribeiro, |
| Dates |
1939- , |
| Additions to Names Other than Dates |
M.C.C.I. |
| 801 #0 - Originating Source |
| Country |
PT |
| Agency |
BN |
| Cataloguing Rules (Descriptive Conventions) |
RPC |
| 856 41 - Electronic Location and Access |
| Uniform Resource Identifier |
http://rnod.bnportugal.gov.pt/ImagesBN/winlibimg.aspx?skey=&doc=1849572&img=31659&save=true |
| 090 ## - System Control Numbers (Koha) |
| Koha biblioitem number (autogenerated) |
5524 |
| 942 ## - ADDED ENTRY ELEMENTS (KOHA) |
| Koha item type |
Books |